Co-operative Insurance Society Ltd v Halfords Ltd (Record no. 53056)

MARC details
000 -LEADER
fixed length control field 01639cab a2200265 4500
001 - CONTROL NUMBER
control field E89975
008 - FIXED-LENGTH DATA ELEMENTS--GENERAL INFORMATION
fixed length control field 090401t1998 xxu||||| |||| 00| 0 eng d
035 ## - SYSTEM CONTROL NUMBER
System control number (Sirsi) u84426
041 ## - LANGUAGE CODE
Language code of text/sound track or separate title eng
245 ## - TITLE STATEMENT
Title Co-operative Insurance Society Ltd v Halfords Ltd
260 ## - PUBLICATION, DISTRIBUTION, ETC.
Date of publication, distribution, etc. 1998
350 ## - PRICE (NR) (BK AM CF MU VM SE) [OBSOLETE]
Price 0
490 ## - SERIES STATEMENT
Series statement Scots Law Times
Volume/sequential designation 1998 SLT 90-94(5)
520 ## - SUMMARY, ETC.
Summary, etc. Outer House. 19 March 1997. landlord and tenant - lease - tenants under contractual obligation to use premises as retail shop intimatin intention to leave premises - landlord seeking interim order ordaining tenants to keep premises in use and occupation without reference to specific purpose of such use and occupation - further conclusion seeking interdict against using premises other than for retailing - whether orders appropriate singly or in combination. Interdict - interim interdict - terms - interim interdict sought by landlords against tenants vacating or removing from shop units - whether order sought sufficiently precise to be appropriate - whether leaving premises empty but with window display would constitute vacating or removing. Landlord`s security for rent - implied obligation to plenish subjects in security of rent - interim interdict sought against displenishment in breach of implied obligation - whether appropriate.
650 ## - SUBJECT ADDED ENTRY--TOPICAL TERM
Topical term or geographic name entry element COMMERCIAL LEASES
650 ## - SUBJECT ADDED ENTRY--TOPICAL TERM
Topical term or geographic name entry element COURT OF SESSION ACT 1988
650 ## - SUBJECT ADDED ENTRY--TOPICAL TERM
Topical term or geographic name entry element INTERDICT
650 ## - SUBJECT ADDED ENTRY--TOPICAL TERM
Topical term or geographic name entry element INTERIM INTERDICT
650 ## - SUBJECT ADDED ENTRY--TOPICAL TERM
Topical term or geographic name entry element INTERIM ORDERS
650 ## - SUBJECT ADDED ENTRY--TOPICAL TERM
Topical term or geographic name entry element KEEP OPEN CLAUSES
650 ## - SUBJECT ADDED ENTRY--TOPICAL TERM
Topical term or geographic name entry element SECURITY FOR RENT
690 ## - LOCAL SUBJECT ADDED ENTRY--TOPICAL TERM (OCLC, RLIN)
Topical term or geographic name as entry element LANDLORD AND TENANT-CASE LAW-BUSINESS TENANCIES
942 ## - ADDED ENTRY ELEMENTS (KOHA)
Suppress in OPAC 0
948 ## - LOCAL PROCESSING INFORMATION (OCLC); SERIES PART DESIGNATOR (RLIN)
c (OCLC) 23/02/1998
Holdings
Withdrawn status Lost status Source of classification or shelving scheme Damaged status Not for loan Home library Current library Shelving location Date acquired Total Checkouts Full call number Barcode Date last seen Copy number Price effective from Koha item type
    Dewey Decimal Classification     London London Journal article 14/09/1999   E89975 84426-1001 06/08/2019 1 06/08/2019 Law report